00552 2200205 4500001002100000005001500021008004100036020002200077035001900099041000700118082001000125090001800135100001700153245004800170260003300218300002900251990001900280990002400299990002300323INLIS00000000001824520241224115451241224||||||||| | ||| |||| || |  a978-602-9083-74-3 0010-1224018245 aid0 a580.3 a580.3 MAR e/40 aTim Penerbit00aEnsiklopedia Biologi Dunia Tumbuhan Jilid 4 aJakartabLentera Abadic2004 a439 hlm,;23,5 cm x 31 cm a05.17.01.01.04 a05.17.01.01.04 001 a05.17.01.01.04.001